00304nam a2200121Ia 45000030006000000080041000060400015000471000017000622450065000792600009001445460012001530050017001650STCL150530s9999 xx 000 0 und d aSTCLcSTCL aKaeley, S.L. aSudha Constitutional history of India and national movements c1976 aEnglish20220125171451.0